00560 2200193 4500001002100000005001700021008004100038035002600079245006900105100002000174250002000194260003200214300004300246020001800289082001100307084001700318650001900335990001200354INLIS00000000000025320240612145320.0240612| ||| | ind  a 0010-06240000000025300aBuku Pintar Memahami & Membuat Surat PerjanjiancMuch. Nurachmad0 aNurachmad, Much aCetakan pertama aJakarta :bVisimedia,c2010 avii, 148 halaman ;cilustrasi ; 23 cm. a979-065-074-40 a346.02 a346.02 NUR b 0aContracts, Law a0000354